=LDR 00000nam 2200000 4500 =001 INLIS000000000053789 =005 20190211010432 =035 ##$$a 0010-0219000046 =007 ta =008 190211###########################0###### =020 ##$$a 978-979-22-5647-5 =082 ##$$a 028.5 =084 ##$$a 028.5 beh d2 =100 #$$a kristen behrens =245 1#$$a kisah tentang ketekunan : $b jangan menyerah =260 ##$$a Jakarta :$b Gramedia,$c 2010 =300 ##$$a 33 hlm : $b ilua ; $c 17 cm =990 ##$$a 02490249 =990 ##$$a 00092925